|
|
|
|
| LEADER |
00000nam a2200000 a 4500 |
| 001 |
vtls009169985 |
| 003 |
SK-MaSNL |
| 005 |
20260301125229.0 |
| 007 |
co cgu anuua |
| 008 |
080102s2007 xo fsp 000 0 slo |
| 015 |
|
|
|a SNBS2008/02-00469
|
| 020 |
|
|
|a 9788080821487 (CDROM)
|
| 040 |
|
|
|a SNK
|b slo
|c SNK
|e AACR2
|
| 041 |
0 |
|
|a slo
|
| 044 |
|
|
|a xo
|c SK
|
| 072 |
|
7 |
|a 16
|x Logika
|2 konspekt
|
| 080 |
|
|
|a 37.018.4
|2 2001
|
| 080 |
|
|
|a 16
|2 2001
|
| 080 |
|
|
|a (0.034.44)
|2 2001
|
| 100 |
1 |
|
|a Híc, Pavel,
|d 1948-2016
|4 aut
|9 7712
|
| 245 |
1 |
0 |
|a Logika
|h elektronický zdroj
|b elektronický kurz
|c Pavel Híc, Milan Pokorný
|
| 260 |
|
|
|a Trnava
|b Trnavská univerzita
|c 2007
|
| 300 |
|
|
|a 1 elektronický optický disk (CD-ROM)
|c 12 cm
|
| 500 |
|
|
|a Názov z titulnej obrazovky
|
| 516 |
|
|
|a Textový dokument (učebnica), elektronický kurz
|
| 650 |
0 |
7 |
|a logika
|2 SNKPH
|9 806
|
| 650 |
0 |
7 |
|a vzdelávacie kurzy
|2 SNKPH
|9 69184
|
| 655 |
|
7 |
|a CD-ROM
|2 SNKPH
|9 70236
|
| 655 |
|
7 |
|a elektronické zdroje
|2 SNKPH
|9 90954
|
| 700 |
1 |
|
|a Pokorný, Milan,
|d 1974-
|4 aut
|9 231601
|
| 919 |
|
|
|a 978-80-8082-148-7
|
| 999 |
|
|
|c 741853
|d 743783
|
| 952 |
|
|
|a SNK
|b SNK
|y PREZ
|7 0
|p 17A0575016
|o snkSCDM 1650
|i snk2008/52
|8 0
|0 0
|1 0
|4 0
|d 2008-01-02
|l 0
|r 2026-02-23 23:03:14
|w 2026-02-23
|